Technology ventures: from idea to enterprise / (Record no. 429)
[ view plain ]
| 000 -LEADER | |
|---|---|
| fixed length control field | 00732nam a22001937a 4500 |
| 008 - FIXED-LENGTH DATA ELEMENTS--GENERAL INFORMATION | |
| fixed length control field | 111219t xxu||||| |||| 00| 0 eng d |
| 020 ## - INTERNATIONAL STANDARD BOOK NUMBER | |
| International Standard Book Number | 9780073350431 |
| 020 ## - INTERNATIONAL STANDARD BOOK NUMBER | |
| International Standard Book Number | 9780073365041 |
| 050 ## - LIBRARY OF CONGRESS CALL NUMBER | |
| Classification number | HC79.155.D674 |
| 100 ## - MAIN ENTRY--PERSONAL NAME | |
| Personal name | Dorf, Richard C. |
| 245 ## - TITLE STATEMENT | |
| Title | Technology ventures: from idea to enterprise / |
| Statement of responsibility, etc. | Richard C. Dorf and Thomas H. Byers |
| 260 ## - PUBLICATION, DISTRIBUTION, ETC. | |
| Place of publication, distribution, etc. | Boston: |
| Name of publisher, distributor, etc. | McGraw-Hill, |
| Date of publication, distribution, etc. | c2008. |
| 300 ## - PHYSICAL DESCRIPTION | |
| Extent | xx, 658 p. |
| Other physical details | ill. |
| Dimensions | 24cm. |
| 500 ## - GENERAL NOTE | |
| General note | Includes index |
| 505 ## - FORMATTED CONTENTS NOTE | |
| Formatted contents note | Contents: Venture opportunity, concert, and strategy -- Venture formation and planning -- Detailed functional planning for the venture -- Financing and building the venture. |
| 650 ## - SUBJECT ADDED ENTRY--TOPICAL TERM | |
| Topical term or geographic name entry element | Information technology. |
| 700 ## - ADDED ENTRY--PERSONAL NAME | |
| Personal name | Byers, Thomas H. |
| 942 ## - ADDED ENTRY ELEMENTS (KOHA) | |
| Source of classification or shelving scheme | Library of Congress Classification |
| Koha item type | Books |
| Withdrawn status | Lost status | Source of classification or shelving scheme | Damaged status | Not for loan | Home library | Current library | Shelving location | Date acquired | Total Checkouts | Full call number | Barcode | Date last seen | Copy number | Price effective from | Koha item type |
|---|---|---|---|---|---|---|---|---|---|---|---|---|---|---|---|
| Library of Congress Classification | WISCONSIN INTERNATIONAL UNIVERSITY COLLEGE, GHANA - MAIN LIBRARY | WISCONSIN INTERNATIONAL UNIVERSITY COLLEGE, GHANA - MAIN LIBRARY | General Stacks | 19/12/2011 | HC79.155.D674 | 1076/11 | 19/12/2011 | 1 | 19/12/2011 | Books | |||||
| Library of Congress Classification | WISCONSIN INTERNATIONAL UNIVERSITY COLLEGE, GHANA - MAIN LIBRARY | WISCONSIN INTERNATIONAL UNIVERSITY COLLEGE, GHANA - MAIN LIBRARY | General Stacks | 19/12/2011 | HC79.155.D6741 | 1077/11 | 19/12/2011 | 2 | 19/12/2011 | Books | |||||
| Library of Congress Classification | WISCONSIN INTERNATIONAL UNIVERSITY COLLEGE, GHANA - MAIN LIBRARY | WISCONSIN INTERNATIONAL UNIVERSITY COLLEGE, GHANA - MAIN LIBRARY | General Stacks | 19/12/2011 | HC79.155.D6742 | 1078/11 | 19/12/2011 | 3 | 19/12/2011 | Books |
